Autostrade e Province attraversate - Quiz n°1 - Statistics

Statistiche generali
  • Questo quiz è stato fatto 73 volte
  • Il punteggio medio è 22 su 30
Statistiche sulle risposte
Domanda Casella Select % Corretto
A1 Autostrada del Sole Napoli
98%
A1 Autostrada del Sole Torino No
95%
A9 Autostrada dei Laghi Como
91%
A1 Autostrada del Sole Roma
91%
A1 Autostrada del Sole Bologna
89%
A1 Autostrada del Sole Firenze
89%
A9 Autostrada dei Laghi Sondrio No
89%
A29 Palermo-Mazara del Vallo Palermo
86%
A1 Autostrada del Sole Milano
84%
A9 Autostrada dei Laghi Milano
83%
A32 Autostrada dei Frejus Torino
81%
A21 Autostrada dei Vini Bologna No
78%
A32 Autostrada dei Frejus Imperia No
77%
A29 Palermo-Mazara del Vallo Ragusa No
77%
A9 Autostrada dei Laghi Varese
77%
A21 Autostrada dei Vini Piacenza
73%
A29 Palermo-Mazara del Vallo Trapani
73%
A29 Palermo-Mazara del Vallo Caltanissetta No
70%
A21 Autostrada dei Vini Pavia
69%
A29 Palermo-Mazara del Vallo Agrigento No
67%
A32 Autostrada dei Frejus Vercelli No
67%
A21 Autostrada dei Vini Brescia
66%
A29 Palermo-Mazara del Vallo Enna No
66%
A32 Autostrada dei Frejus Verbano-Cusio-Ossola No
66%
A21 Autostrada dei Vini Milano No
63%
A21 Autostrada dei Vini Torino
61%
A32 Autostrada dei Frejus Aosta No
55%
A32 Autostrada dei Frejus Cuneo No
52%
A9 Autostrada dei Laghi Lecco No
48%
A9 Autostrada dei Laghi Monza e Brianza No
47%
Nessun quiz corrispondente trovato
Distribuzione punteggi
Percentuale di utenti per punteggio
Percentile per numero di risposta
I tuoi punteggi nel tempo
Non hai fatto questo quiz